Pro Sports Teams With Longest Current Championship Droughts - Statistics

General Stats
  • This quiz has been taken 163 times
    35 since last reset
  • The average score is 16 of 20
Answer Stats
Last Championship Win Championship Opponent Answer % Correct
1968 (57 years ago) Baltimore Colts New York Jets
92%
1964 (61 years ago) Baltimore Colts Cleveland Browns
88%
1983 (42 years ago) Los Angeles Lakers Philadelphia 76ers
88%
1947 (78 years ago) Philadelphia Eagles Arizona (Chicago) Cardinals
83%
1985 (40 years ago) New England Patriots Chicago Bears
83%
1957 (68 years ago) Cleveland Browns Detroit Lions
79%
1983 (42 years ago) Washington Redskins Las Vegas (Los Angeles) Raiders
79%
1951 (73 years ago) New York Knicks Sacramento Kings (Rochester Royals)
79%
1967 (58 years ago) Montreal Canadiens Toronto Maple Leafs
79%
1978 (46 years ago) Seattle SuperSonics Washington Wizards (Bullets)
79%
1958 (66 years ago) Boston Celtics Atlanta (St. Louis) Hawks
75%
1983 (42 years ago) Philadelphia Phillies Baltimore Orioles
75%
1948 (77 years ago) Boston Braves Cleveland Guardians (Indians)
75%
1984 (41 years ago) San Diego Padres Detroit Tigers
75%
1973 (52 years ago) Minnesota Vikings Miami Dolphins
75%
1973 (52 years ago) Los Angeles Lakers New York Knicks
75%
1977 (47 years ago) Philadelphia 76ers Portland Trail Blazers
75%
1983 (42 years ago) Edmonton Oilers New York Islanders
71%
1975 (50 years ago) Buffalo Sabres Philadelphia Flyers
71%
1979 (46 years ago) Baltimore Orioles Pittsburgh Pirates
67%
No matching quizzes found
Score Distribution
Percent of People with Each Score
Percentile by Number Answered
Your Score History
You have not taken this quiz since the last reset